Guess the 1960s song lyrics #328 - Statistics

General Stats
  • This quiz has been taken 10 times
  • The average score is 126 of 163
Answer Stats
Answer % Correct
are
100%
I
100%
love
100%
My
100%
my
100%
You
100%
you
100%
And
89%
go
89%
make
89%
me
89%
on
89%
so
89%
boy
78%
heart
78%
I'll
78%
need
78%
the
78%
to
78%
as
67%
don't
67%
let
67%
oh
67%
one
67%
want
67%
You're
67%
ever
56%
it
56%
know
56%
Never
56%
never
56%
sweet
56%
candy
44%
giddyup
44%
leave
44%
Lollipop
44%
told
44%
world
44%
would
44%
Because
33%
But
33%
daddy
33%
desire
33%
fire
33%
set
33%
sugar
33%
Whoa
33%
grieve
11%
Millie Small
11%
No matching quizzes found
Score Distribution
Percent of People with Each Score
Percentile by Number Answered
Your Score History
You have not taken this quiz